Working with statistics : an introduction to quantitative methods for social scientists /
An argument for statistics. Methodological considerations. The vocabulary of social research. Odering the data. Summarizing the data. Taking a sample. Working with two variables. Working with three or more variables.
Đã lưu trong:
| Hovedforfatter: | |
|---|---|
| Format: | Bog |
| Sprog: | English |
| Udgivet: |
Cambridge :
Polity Press,
1987.
|
| Fag: | |
| Tags: |
Tilføj Tag
Ingen Tags, Vær først til at tagge denne postø!
|
| Thư viện lưu trữ: | Mạng thư viện Đại học Đà Nẵng |
|---|
| LEADER | 01188cam a2200361 i 4500 | ||
|---|---|---|---|
| 001 | 000049306 | ||
| 003 | 9049 | ||
| 005 | 20030401105818.0 | ||
| 008 | 010323|1987 vm 000 eng | ||
| 020 | |a 0745600484 | ||
| 040 | |a IRC |c IRC |d IRC | ||
| 041 | 0 | |a eng | |
| 082 | 1 | 4 | |a 300.72 |b RE-S |
| 100 | 1 | |a Reid, Stuart. | |
| 245 | 0 | 0 | |a Working with statistics : |b an introduction to quantitative methods for social scientists / |c Stuart Reid. |
| 260 | |a Cambridge : |b Polity Press, |c 1987. | ||
| 300 | |a 183 p. ; |c 23cm. | ||
| 520 | 3 | |a An argument for statistics. Methodological considerations. The vocabulary of social research. Odering the data. Summarizing the data. Taking a sample. Working with two variables. Working with three or more variables. | |
| 630 | 0 | 4 | |a Statistics. |
| 630 | 0 | 4 | |a Social sciences. |
| 650 | 0 | 4 | |a Authors, Irish |x Homes and haunts |z Ireland. |
| 650 | 0 | 4 | |a Statistics. |
| 650 | 0 | 4 | |a Social sciences |x Statistical methods. |
| OWN | |a DUT | ||
| 999 | |a From the UDN01 | ||
| TYP | |a Monograph | ||
| TYP | |a Printed language | ||
| 980 | |a Mạng thư viện Đại học Đà Nẵng | ||


